书目信息 |
| 题名: |
法哲学原理
|
|
| 作者: | 黑格尔 著 ;杨东柱 , 尹建军 , 王哲 编译 | |
| 分册: | ||
| 出版信息: | 北京 北京出版社 2007.10 |
|
| 页数: | 159页 | |
| 开本: | 24cm | |
| 丛书名: | 经典通读 | |
| 单 册: | ||
| 中图分类: | B516.35 | |
| 科图分类: | ||
| 主题词: | ||
| 电子资源: | ||
| ISBN: | 978-7-200-06961-7 | |
| 000 | 01105nam 2200289 450 | |
| 001 | 012008451683 | |
| 005 | 20080110153451.56 | |
| 010 | @a978-7-200-06961-7@dCNY21.80 | |
| 100 | @a20080109d2007 em y0chiy0120 ea | |
| 101 | 1 | @achi@cger |
| 102 | @aCN@b110000 | |
| 105 | @aa z 000yy | |
| 106 | @ar | |
| 200 | 1 | @a法哲学原理@Afa zhe xue yuan li@f(德) 黑格尔 (Hegel) 著@F(de)hei ge er(Hegel)zhu@g杨东柱, 尹建军, 王哲编译@Gyang dong zhu,yin jian jun,wang zhe bian yi |
| 210 | @a北京@c北京出版社@d2007.10 | |
| 215 | @a159页@c图@d24cm | |
| 225 | 2 | @a经典通读@Ajing dian tong du |
| 330 | @a本书从哲学的角度解析法,用辩证的思维探悉法、道德与伦理之间的奥秘,从而迈向自由的意志。 | |
| 410 | 0 | @12001 @a经典通读 |
| 600 | 1 | @a黑格尔@Ahei ge er@c(Hegel,Georg Wilhelm Friedrich),@f1770-1831@x法哲学@x研究 |
| 690 | @aB516.35@v4 | |
| 701 | 1 | @a黑格尔@Ahei ge er@g(Hegel, Georg Wilhelm Friedrich),@f1770-1831@4著 |
| 702 | 0 | @a杨东柱@Ayang dong zhu@4编译 |
| 702 | 0 | @a尹建军@Ayin jian jun@4编译 |
| 702 | 0 | @a王哲@Awang zhe@4编译 |
| 801 | 0 | @aCN@bQSSK@c20080110 |
| 905 | @b276504-06@dB516.35@eH338@f3 | |
| 法哲学原理/(德) 黑格尔 (Hegel) 著/杨东柱, 尹建军, 王哲编译.-北京:北京出版社,2007.10 |
| 159页:图;24cm.-(经典通读) |
| ISBN 978-7-200-06961-7:CNY21.80 |
| 本书从哲学的角度解析法,用辩证的思维探悉法、道德与伦理之间的奥秘,从而迈向自由的意志。 |
| ● |
| 相关链接 |
|
|
|
正题名:法哲学原理
索取号:B516.35/H338
 
预约/预借
| 序号 | 登录号 | 条形码 | 馆藏地/架位号 | 状态 | 备注 |
| 1 | 276504 | 202765043 | 社科库509/509社科库 17排3列4层/ [索取号:B516.35/H338] | 在馆 | |
| 2 | 276505 | 202765052 | 社科库509/509社科库 17排3列4层/ [索取号:B516.35/H338] | 在馆 | |
| 3 | 276506 | 202765061 | 社科库509/509社科库 17排3列4层/ [索取号:B516.35/H338] | 在馆 |